Ascent of money : a financial history of the world (Record no. 2352)

MARC details
000 -LEADER
fixed length control field 00369nam a2200145Ia 4500
008 - FIXED-LENGTH DATA ELEMENTS--GENERAL INFORMATION
fixed length control field 230503s9999 xx 000 0 und d
020 ## - INTERNATIONAL STANDARD BOOK NUMBER
International Standard Book Number 9780141035482
082 ## - DEWEY DECIMAL CLASSIFICATION NUMBER
Classification number 332
Item number FERA
100 ## - MAIN ENTRY--PERSONAL NAME
Personal name FERGUSON,Niall
245 #0 - TITLE STATEMENT
Title Ascent of money : a financial history of the world
260 ## - PUBLICATION, DISTRIBUTION, ETC.
Place of publication, distribution, etc. London
Name of publisher, distributor, etc. Penguin books
Date of publication, distribution, etc. 2009
300 ## - PHYSICAL DESCRIPTION
Extent 441
650 ## - SUBJECT ADDED ENTRY--TOPICAL TERM
Topical term or geographic name entry element economics
942 ## - ADDED ENTRY ELEMENTS (KOHA)
Koha item type Book
Holdings
Withdrawn status Lost status Source of classification or shelving scheme Damaged status Not for loan Collection code Home library Current library Shelving location Date acquired Total Checkouts Full call number Barcode Date last seen Date last checked out Price effective from Koha item type Public note
    Dewey Decimal Classification     Non-fiction RIC Library RIC Library General Stacks 05/03/2023 2 332 FERA 001752 02/07/2026 01/24/2026 05/03/2023 Book R-7.2

Venue

Rajasthan International Centre
Sansthan Path,JLN Marg, Jaipur- 302017
Phone: +91-7230904025